| 000 | 02398cam a22005294i 4500 | ||
|---|---|---|---|
| 003 | PE-LiUPU | ||
| 005 | 20250731173151.0 | ||
| 008 | 150706s1999 miu r 000 0 eng d | ||
| 020 | _a0967305101 | ||
| 035 | _a(Sirsi) i9780967305103 | ||
| 040 |
_aPE-LiUPU _bspa _cPE-LiUPU _erda |
||
| 049 | _aPRUA | ||
| 082 | 0 | 4 |
_a232.3 _bG21 _221 |
| 082 | 0 | 4 |
_a269.2 _bG21 _221 |
| 100 | 1 |
_aGane, Roy Edwin, _d1955- , _eautor. |
|
| 245 | 1 | 0 |
_aAltar call / _cRoy Edwin Gane. |
| 264 | 1 |
_aBerrien Springs, Michigan : _bDiadem, _c1999. |
|
| 300 |
_a358 páginas ; _c22 centímetros |
||
| 336 |
_atext _2rdacontent |
||
| 337 |
_aunmediated _2rdamedia |
||
| 338 |
_avolume _2rdacarrier |
||
| 505 | 0 | _aFace in the dirt -- The model and the messiah -- The rich splendor of Christ's sacrifice -- Divine obsession -- Jesus isn't finished with me yet -- Relationships at stake -- Appointment with God -- Altar Call. | |
| 526 | _aSEG42 | ||
| 526 | _aSEG41 | ||
| 526 | _aSEG40 | ||
| 526 | _aSEG39 | ||
| 526 | _aP94 | ||
| 526 | _aP87 | ||
| 526 | _aP86 | ||
| 526 | _aP85 | ||
| 526 | _aP77 | ||
| 526 | _aP76 | ||
| 526 | _aP35 | ||
| 600 | 1 | 4 |
_aJesucristo _xPersona y oficio. |
| 650 | 1 | 4 | _aSantuario, doctrina del (Adventistas del Séptimo Día). |
| 910 |
_bgl _chf _d20041011 |
||
| 942 |
_2ddc _cBOOK |
||
| 949 |
_a269.2 G21 _wDEWEY _c1 _i53451 _d2015-11-3 _e2015-10-28 _f2017-2-14 _g1 _lCCODEBUL1 _mBUL _n2 _p30.00 _r0 _sY _tBOOK _u2015-6-24 _xTEOLOGIA _PP35 _0COMPRA _o.STAFF. Colección Teología |
||
| 949 |
_aBX6155.42.S35 G26 1999 _wLC _c1 _iCW00055 _lCIA _mBWL _p30.00 _r1 _sY _tBOOK _u2017-1-20 _xWHITE _zUNKNOWN _0COMPRA _o.STAFF. Centro White |
||
| 949 |
_aBX6155.42.S35 G26 1999 _wLC _c2 _i63465 _lCIA _mBWL _r0 _sY _tBOOK _u2017-1-26 _xWHITE _zUNKNOWN _0COMPRA _o.STAFF. Centro White |
||
| 994 |
_aC0 _bPEPRU |
||
| 596 | _a1 4 | ||
| 999 |
_a269.2 G21 _wDEWEY _c35424 _i53451 _d35424 _e2021-4-15 _f2021-12-10 _g5 _lCCODEBUL1 _mBUL _n3 _p30.00 _r0 _sY _tBOOK _u2015-6-24 _xTEOLOGIA _PP35 _0COMPRA _o.STAFF. Colección Teología |
||
| 999 |
_a232.3 G21 1999 _wLC _c1 _iCW00055 _f2021-12-22 _g2 _lCCODECWL1 _mBWL _p22.00 _r1 _sY _tBOOK _u2017-1-20 _xWHITE _zUNKNOWN _0COMPRA _o.STAFF. Centro White |
||
| 999 |
_a232.3 G21 1999 _wLC _c2 _iCW63465 _f2021-12-22 _g2 _lCCODECWL1 _mBWL _r0 _sY _tBOOK _u2017-1-26 _xWHITE _zUNKNOWN _0COMPRA _o.STAFF. Centro White |
||
| 980 |
_81 _gALBERTO SANCHEZ Responsable de Automatización |
||